Koalas / (Record no. 181104)

MARC details
000 -LEADER
fixed length control field 00922nam a22003011i 4500
003 - CONTROL NUMBER IDENTIFIER
control field OSt
005 - DATE AND TIME OF LATEST TRANSACTION
control field 20210113153707.0
008 - FIXED-LENGTH DATA ELEMENTS--GENERAL INFORMATION
fixed length control field 210113t20192019enko|||jr|||| 001 0 eng d
020 ## - INTERNATIONAL STANDARD BOOK NUMBER
International Standard Book Number 9781474775526
Terms of availability RM 69.60
Qualifying information hardback
040 ## - CATALOGING SOURCE
Original cataloging agency PPAK
Language of cataloging eng
Transcribing agency PPAK
Description conventions rda
082 04 - DEWEY DECIMAL CLASSIFICATION NUMBER
Edition number 23
Classification number 599.25
090 00 - LOCALLY ASSIGNED LC-TYPE CALL NUMBER (OCLC); LOCAL CALL NUMBER (RLIN)
Classification number (OCLC) (R) ; Classification number, CALL (RLIN) (NR) 599.25
Feature heading KRA
Feature heading K
100 1# - MAIN ENTRY--PERSONAL NAME
Personal name Kras, Sara Louise,
Relator term author.
245 10 - TITLE STATEMENT
Title Koalas /
Statement of responsibility, etc. Sara Louise Kras.
264 #1 - PRODUCTION, PUBLICATION, DISTRIBUTION, MANUFACTURE, AND COPYRIGHT NOTICE
Place of production, publication, distribution, manufacture Oxford :
Name of producer, publisher, distributor, manufacturer Raintree,
Date of production, publication, distribution, manufacture, or copyright notice 2019
Date of production, publication, distribution, manufacture, or copyright notice ©2019
300 ## - PHYSICAL DESCRIPTION
Extent 24 pages :
Other physical details colour photographs, colour maps ;
Dimensions 24 x 28 cm.
336 ## - CONTENT TYPE
Content type term text
Source rdacontent
Content type term still image
Source rdacontent
Content type term cartographic image
Source rdacontent
337 ## - MEDIA TYPE
Media type term unmediated
Source rdamedia
338 ## - CARRIER TYPE
Carrier type term volume
Source rdacarrier
490 1# - SERIES STATEMENT
Series statement Australian animals
504 ## - BIBLIOGRAPHY, ETC. NOTE
Bibliography, etc. note Includes bibliographical references and index.
650 #0 - SUBJECT ADDED ENTRY--TOPICAL TERM
Topical term or geographic name entry element Koala
Form subdivision Juvenile literature.
830 #0 - SERIES ADDED ENTRY--UNIFORM TITLE
Uniform title Australian animals
942 ## - ADDED ENTRY ELEMENTS (KOHA)
Source of classification or shelving scheme Dewey Decimal Classification
Koha item type Book
Holdings
Withdrawn Not for loan Current library Shelving location Date acquired Total Checkouts Full call number Barcode Date last seen Date last checked out Koha item type Total Renewals
    Perpustakaan Alor Setar Pinjaman Kanak-kanak 26/01/2021 2 K 599.25 KRA A01669459 14/02/2024 28/01/2024 Book  
    Perpustakaan Awam Sungai Petani Pinjaman Kanak-kanak 26/01/2021 8 K 599.25 KRA A01669460 31/01/2026 20/12/2025 Book 3
    Perpustakaan Baling Pinjaman Kanak-kanak 26/01/2021 2 K 599.25 KRA A01669462 28/05/2025 17/05/2025 Book  
    Perpustakaan Bandar Baharu Pinjaman Kanak-kanak 26/01/2021 1 K 599.25 KRA A01669463 23/12/2025 11/12/2025 Book  
    Perpustakaan Kulim Pinjaman Kanak-kanak 26/01/2021 2 K 599.25 KRA A01669461 13/04/2024 09/03/2024 Book 1